|
|
|
|
| LEADER |
01081nam a2200265 a 4500 |
| 001 |
4113448 |
| 008 |
100126s1975 enka b 001 0 eng d |
| 010 |
|
|
|a \\\75331443
|
| 020 |
|
|
|a 0198545215 :
|c £5.00
|
| 040 |
|
|
|a DLC
|c DLC
|d DLC
|d BD-DhAAL
|
| 082 |
0 |
0 |
|a 333.9/5
|2 18
|
| 100 |
1 |
|
|a Earl, Derek E.
|
| 245 |
1 |
0 |
|a Forest energy and economic development /
|c D. E. Earl.
|
| 260 |
|
|
|a Oxford [Eng.] :
|b Clarendon Press,
|c 1975.
|
| 300 |
|
|
|a vii, 128 p. :
|b ill. ;
|c 24 cm.
|
| 504 |
|
|
|a Includes bibliographical references (p. [118]-121) and index.
|
| 541 |
1 |
|
|e 00003426
|
| 650 |
|
0 |
|a Power resources
|z Developing countries.
|
| 650 |
|
0 |
|a Energy policy
|z Developing countries.
|
| 650 |
|
0 |
|a Fuelwood industry
|z Developing countries.
|
| 650 |
|
0 |
|a Forest products
|z Developing countries.
|
| 651 |
|
0 |
|a Developing countries
|x Economic policy.
|
| 852 |
4 |
|
|a Ayesha Abed Library
|j General shelf
|
| 999 |
|
|
|c 7215
|d 7215
|
| 952 |
|
|
|0 0
|1 0
|2 ddc
|4 0
|6 333_950000000000000_EAR_1975
|7 0
|9 7508
|a BRACUL
|b BRACUL
|c GEN
|d 2010-01-27
|g 0.00
|l 0
|o 333.95 EAR
|p 3010003426
|r 2010-01-27
|t 1
|w 2010-01-27
|y BK
|z Not price in Register
|